000
00255nam a22001337a 4500
020
_a
9780810458489
041
_a
eng
080
_a
53
090
_b
TAL
100
_a
Talley, David.
245
_a
Basic Carrier Telephony.
250
_a
3
999
_c
280278
_d
280278
942
_c
BK